Hodnotové spotrebné orientácie slovenskej spoločnosti

Gespeichert in:
Bibliographische Detailangaben
1. Verfasser: Wolfová, Darina
Format: Buchkapitel
Sprache:Slowakisch
Tags: Tag hinzufügen
Keine Tags, Fügen Sie das erste Tag hinzu!

MARC

LEADER 00000naa$a2200000$$$4500
001 0061466
005 20240502071705.7
041 0 |a slo 
044 |a SK 
245 1 0 |a Hodnotové spotrebné orientácie slovenskej spoločnosti  |c Darina Wolfová 
100 1 |a Wolfová, Darina